Statystyki dla Piłka nożna quiz #39 - Reprezentacje na Mistrzostwach Świata 1990

Kliknij tutaj aby rozwiązać quiz!

Ogólne statystyki

  • Ten quiz został rozwiązany 42 razy
  • Średni wynik to 16 z 24

Statystyki odpowiedzi

Grupa A% Poprawnych
Anglia
97%
Brazylia
97%
Argentyna
95%
Włochy
95%
Hiszpania
92%
Stany Zjednoczone
92%
Urugwaj
86%
RFN
76%
Kolumbia
73%
Szwecja
73%
Jugosławia
68%
Holandia
62%
Korea Południowa
62%
ZSRR
62%
Czechosłowacja
59%
Kamerun
59%
Belgia
54%
Egipt
54%
Irlandia
46%
Rumunia
46%
Szkocja
46%
Austria
38%
Kostaryka
24%
Zjednoczone Emiraty Arabskie
24%

Rozkład punktacji

Percentyl według liczby udzielonych odpowiedzi

Procent ludzi z każdym wynikiem

Twoja historia wyników

Nie rozwiązałeś tego quizu